000 01041nam a2200181 a 4500
001 000044253
005 20201002045239.0
008 140611s1980 dr a 000 0 spa d
040 _aDO-SdBNP
_bspa
_cBNPHU
082 _axxxx
_bR426s
110 1 _aRepública Dominicana
_bSecretaría de Estado de Finanzas
_932264
245 1 4 _a[Fortalecimiento institucional].
260 _aSanto Domingo :
_bInstituto de Capacitación Tributaria,
_c1980.
300 _a97 p. :
_bil. ;
_c21 cm.
490 1 _aFortalecimiento institucional
_v3
505 0 _tLos servicios administrativos --
_tLos informes gerenciales --
_tProceso de decisión --
_tTerminología usual en computación --
_tReclutamiento y selección de personal --
_tUso de cuestionarios en organización y sistemas --
_tLas nuevas tendencias en el procesamiento de datos --
_tTécnicas modernas en procesamiento de datos --
_tProceso de instalación y puesta en marcha de un computador --
_tNociones modernas de manajo de datos por computador --
830 0 _aFortalecimiento institucional ;
_n3
_972258
999 _c43742
_d43742